000 00616nab a2200193 4500
001 244442
003 OSt
005 20250310091534.0
007 tu
008 200917s2020|||||||
040 _aDE-2950
_cDE-2950
245 0 0 _aWeitere Diskussion um Krause-Ehrung
_bGeburtstag. Inzwischen gibt es einen ersten Textentwurf für die geplante Bodenplatte für den ehemaligen Oberbürgermeister
_cSelim Pekel
264 _c2024
653 _aFrankfurt (Oder)
653 _aFritz Krause
653 _aEhrung
773 0 _g36. Jahrgang (2025) Nr. 43 vom 20.02.2025, S. 17 mit Foto
_tMärkische Oderzeitung
942 _2z
_cA
999 _c373627
_d373627